Online Catalogue and eLibrary

Cultural minorities of Sri Lanka : (Record no. 563)

MARC details
000 -LEADER
fixed length control field 00584cam a2200193 a 4500
001 - CONTROL NUMBER
control field 13959351
005 - DATE AND TIME OF LATEST TRANSACTION
control field 20240311013949.0
008 - FIXED-LENGTH DATA ELEMENTS--GENERAL INFORMATION
fixed length control field 050510s2005 ce b 100 0 eng
020 ## - INTERNATIONAL STANDARD BOOK NUMBER
ISBN 9555800960
040 ## - CATALOGING SOURCE (பட்டியலாக்க மூலம்)
Original cataloging agency DLC
Transcribing agency DLC
082 ## - DDC Classification
DDC Edition Number 22
Class No. 323.4
Item Number - Author Mark CUL.
245 10 - TITLE STATEMENT
Title Cultural minorities of Sri Lanka :
Remainder of title their growth, achievements, and relevance today /
Statement of responsibility, etc. edited by E. Vijayalakshmi.
260 ## - PUBLICATION, DISTRIBUTION, ETC.
Place of publication, distribution, etc. Colombo :
Name of publisher, distributor, etc. International Centre for Ethnic Studies,
Date of publication, distribution, etc. 2005.
300 ## - PHYSICAL DESCRIPTION
Extent (e.g. Volumes, Pages etc.) vii, 107 p. ;
650 #0 - SUBJECT ADDED ENTRY--TOPICAL TERM
Topical term or geographic name entry element Ethnology
650 #0 - SUBJECT ADDED ENTRY--TOPICAL TERM
Topical term or geographic name entry element Minorities
700 1# - ADDED ENTRY--PERSONAL NAME
Personal name Vijayalakshmi, E.
Relator term (Role) Editor
942 ## - Koha item type (Biblio)
Koha item type Books in Stacks (Lending)
Holdings
Lost status Damaged status Collection code Home library Current library Date acquired Full call number Accession Number Item type
    Lending WERC Library WERC Library 03/11/2024 323.4 CUL. 6266 Books in Stacks (Lending)

© WERC Library